All 12 biggest countries in South America - Statistics

General Stats
  • This quiz has been taken 145 times
  • The average score is 9 of 12
Answers on the Map
Answers color-coded by a green-red scale on the quiz's map according to % correct below.
 
Answer Stats
Answer % Correct
Brazil
100%
Argentina
99%
Peru
89%
Colombia
75%
Bolivia
71%
Venezuela
69%
Chile
65%
Ecuador
64%
Paraguay
64%
Guyana
60%
Uruguay
58%
Suriname
56%
No matching quizzes found
Score Distribution
Percent of People with Each Score
Percentile by Number Answered
Your Score History
You have not taken this quiz